| 000 | 00366nam a22001577a 4500 | ||
|---|---|---|---|
| 020 | _a9788131518335 | ||
| 082 |
_a624.17 _bGER/ME |
||
| 100 |
_aGere,James M. _992 |
||
| 100 |
_aGoodno,Barry J. _9624 |
||
| 245 | _aMechanics of Materials | ||
| 250 | _a7 th | ||
| 260 |
_aNew Delhi _bCengage Learning _c2012 |
||
| 300 | _a1002 | ||
| 500 | _aSI Edition | ||
| 942 | _cBK | ||
| 999 |
_c341559 _d341559 |
||